“共和國勳章”獲得者(繁體中文版)Medal of the Republic Winners(T. Chinese Ver) - Statistics

General Stats
  • This quiz has been taken 19 times
  • The average score is 4 of 9
Answer Stats
頒獎儀式時間 獲獎者 主要身分或貢獻 % Correct
2019年9月29日 于敏 中國“氫彈之父”、著名核物理學家
88%
2019年9月29日 袁隆平 世界“雜交水稻之父”、中國工程院院士
88%
2019年9月29日 屠呦呦 青蒿素研究開發中心主任、著名藥學家
75%
2020年9月8日 鐘南山/鍾南山 中國工程院院士、著名呼吸病學專家
44%
2019年9月29日 申紀蘭 全國勞動模範、全國優秀共產黨員
25%
2019年9月29日 李延年 “為建立新中國、保衛新中國作出重大貢獻的戰鬥英雄”
19%
2019年9月29日 張富清 西北野戰軍“特等功”獲得者、戰鬥英雄
19%
2019年9月29日 黃旭華 “中國核潛艇之父”、核潛艇研究設計專家
19%
2019年9月29日 孫家棟 中國航天“大总師”、我國“人造衛星技術和深空探測技術的開創者”
13%
No matching quizzes found
Score Distribution
Percent of People with Each Score
Percentile by Number Answered
Your Score History
You have not taken this quiz